RICH DAD S CONSPIRACY OF THE RICH THE 8 (Record no. 14659)

MARC details
000 -LEADER
fixed length control field 00357nam a2200133Ia 4500
008 - FIXED-LENGTH DATA ELEMENTS--GENERAL INFORMATION
fixed length control field 240624s9999 xx 000 0 und d
041 ## - LANGUAGE CODE
Language code of text/sound track or separate title eng
082 ## - DEWEY DECIMAL CLASSIFICATION NUMBER
Classification number 332.042 KIY
100 ## - MAIN ENTRY--PERSONAL NAME
Personal name KIYOSAKI ROBERT T
245 ## - TITLE STATEMENT
Title RICH DAD S CONSPIRACY OF THE RICH THE 8
260 ## - PUBLICATION, DISTRIBUTION, ETC.
Date of publication, distribution, etc. 2009
Place of publication, distribution, etc. New York
Name of publisher, distributor, etc. Business Plus
300 ## - PHYSICAL DESCRIPTION
Extent xi, : 260 : p. : cm. ; 22
365 ## - TRADE PRICE
Currency code RS
Price amount 15
Holdings
Withdrawn status Lost status Damaged status Not for loan Home library Current library Shelving location Date acquired Source of acquisition Cost, normal purchase price Total Checkouts Total Holds Full call number Barcode Date last seen Date last checked out Copy number Price effective from Koha item type
        IMTN IMTN Rack 9-A 02/24/2010 PSBE 499.00 2 776 332.042 KIY 14659 01/17/2025 01/07/2025 1 06/24/2024 Books
Designed & Maintained by: LRC IMT Nagpur Contact: lrc@imtnag.ac.in© 2024. All Rights Reserved.